Logo BPK

Biblioteka

Politechniki Koszalińskiej

Powłoki ochronne / (Rekord nr 2702)

Szczegóły MARC
000 -ETYKIETA REKORDU
podpole kontrolne o stałej długości 00351nam a2200145 i 4500
001 - NUMER KONTROLNY REKORDU
pole kontrolne bg
040 ## - ŹRÓDŁO KATALOGOWANIA
Instytucja, która utworzyła rekord BPK
041 ## - KOD JĘZYKA
Kod języka tekstu pol
008 - POLE O STAŁEJ DŁUGOŚCI - DANE KONTROLNE
podpole kontrolne o stałej długości s pl f |000 0 pol
100 1# - NAZWA OSOBOWA
Nazwa osobowa WOJTAŚ, Ryszard
245 #0 - TYTUŁ/ODPOWIEDZIALNOŚĆ
Tytuł Powłoki ochronne /
Pozostałe elementy strefy tytułu i oznaczenia odpowiedzialności R. Wojtaś, Z. Wójcikiewicz.
260 ## - STREFA ADRESU WYDAWNICZEGO
Miejsce wydania Kielce,
Data publikacji, dystrybucji/powstania dokumentu 1985.
700 1# - HASŁO DODATKOWE - NAZWA OSOBOWA
Nazwa osobowa WÓJCIKIEWICZ, Zbigniew
856 ## - LOKALIZACJA I DOSTĘP DO ELEKTRONICZNYCH DOKUMENTÓW ZDALNYCH
Link (URL) http://koha.tu.koszalin.pl/cgi-bin/koha/opac-detail.pl?biblionumber=2702
Tekst linku Katalog online BPK
942 ## - DODATKOWE ELEMENTY (KOHA)
Typ dokumentu Książka
Egzemplarze
Wycofany Status egzemplarza Uszkodzony Dostępność Lokalizacja stała Lokalizacja bieżąca Miejsce przechowywania Sygnatura Kod kreskowy Typ dokumentu
      Dostępny Biblioteka Politechniki Koszalińskiej Biblioteka Politechniki Koszalińskiej Wypożyczalnia BG P 35045 01249750 Książka
© 2023 Biblioteka Politechniki Koszalińskiej :: KOHA